| 000 | 00000nam##2200000za#4500 |
| 001 | 9.631753 |
| 003 | CaOODSP |
| 005 | 20210624214458 |
| 007 | cr ||||||||||| |
| 008 | 150407|2004||||xxc|||||o f|0| 0 fre|d |
| 020 | |a0-662-78967-9 |
| 040 | |aCaOODSP|bfre |
| 043 | |an-cn--- |
| 086 | 1 |aSD34-4/2005F-PDF |
| 110 | 1 |aCanada. |bDéveloppement social Canada. |
| 245 | 10|aVérification de la gestion nationale de la distribution et de la diffusion des logiciels : |h[ressource électronique]|brapport final de vérification / |c[par] Direction de la vérification et de l'évaluation, Politique et orientation stratégique. |
| 260 | |aOttawa - Ontario : |bDéveloppement social Canada |cMars 2004. |
| 300 | |a40p.|bfigure, tableaux |
| 590 | |a13-16-Supp|b2013-07-12 |
| 775 | 08|tNational software distribution / release management audit : |w(CaOODSP)9.687298 |
| 856 | 40|ahttp://publications.gc.ca|qPDF|s533 Ko|uhttps://publications.gc.ca/collections/collection_2013/rhdcc-hrsdc/SD34-4-2005-fra.pdf |
| 986 | |aSDC-A-002-03-04F |